| 000 | 00703nam a2200121Ia 4500 | ||
|---|---|---|---|
| 008 | 220615s9999||||xx |||||||||||||| ||und|| | ||
| 100 | _avan Zyl-Gous, Nicolette||Janse van Rensburg, Wilhelm||Heinecken, Lindy | ||
| 245 | 0 |
_aParliaments’ Contributions to Security Sector Governance/Reform and the Sustainable Development Goals _bTesting Parliaments’ Resolve in Security Sector Governance During Covid-19 |
|
| 546 | _aEnglish[eng] | ||
| 650 | _aUnited Kingdom||Philippines||South Africa||Covid-19 pandemic||Sustainable Development Goals||Security sector governance||Parliamentary oversight | ||
| 856 | _uhttps://library.oapen.org/bitstream/20.500.12657/53155/1/9781914481215.pdf | ||
| 942 | _cEB | ||
| 999 |
_c11679 _d11679 |
||